New Trends and Generations in African Literature (Record no. 1903)

MARC details
000 -LEADER
fixed length control field 00363nam a22001337a 4500
008 - FIXED-LENGTH DATA ELEMENTS--GENERAL INFORMATION
fixed length control field 250108b |||||||| |||| 00| 0 eng d
020 ## - INTERNATIONAL STANDARD BOOK NUMBER
ISBN 0-86543-507-3
100 ## - MAIN ENTRY--AUTHOR
Author Jones Durosimi Eldred
245 ## - TITLE STATEMENT
Title New Trends and Generations in African Literature
260 ## - PUBLICATION, DISTRIBUTION, ETC. (IMPRINT)
Place of publication London
Name of publisher Africa World Press Inc
Date of publication 1996
300 ## - COLLATION
Pagination vi,186
942 ## - ADDED ENTRY ELEMENTS (KOHA)
Item type Books
050 ## - LIBRARY OF CONGRESS CALL NUMBER
Classification number PR9344
Item number .N49
Holdings
Source of classification or shelving scheme Not for loan Permanent location Current location Date acquired Accession No. Full call number Barcode. Koha item type
Library of Congress Classification   Samuel Ogbemudia Main Library, University of Abuja Samuel Ogbemudia Main Library, University of Abuja 01/08/2025 2003/24746 PR9344.N49 2025-0036 Books